Las PYME frente al TLC con Estados Unidos

Salvato in:
Dettagli Bibliografici
Natura: testo
Tags: Aggiungi Tag
Nessun Tag, puoi essere il primo ad aggiungerne!!

MARC

LEADER 00000 a a2200000 04500
001 6691
003
040
245 |a Las PYME frente al TLC con Estados Unidos  
773 |g volumen 24, número 1065; páginas 6-7  
999 |c 22775  |d 22775